000 006390000a22001210004500
100 1 _aCamargo de bravo, Rosa.
245 1 0 _aVeinte años usando el fútbol para cambiar vidas.
300 _ano.81 (abr.,2010), p. 16
520 _aLos jóvenes y adolescentes de las zonas menos favorecidas de la ciudad de Medellín en Colombia están expuestos a muchos riesgos. Estos riesgos incluyen el aislamiento en grupos armados ilegales, las lesiones, la muerte, la adiccción a las drogas, los embarazos adolescentes, las enfermedades de transmisión sexual y los desastres naturales.
650 1 4 _aESPERANZA
773 0 _tPaso a Paso
942 _cANA
999 _c63285
_d63285